LEADER 01293nam a2200265 u 4500 001 000000045483 003 CaOOAMICUS 005 20070226114652.0 008 990601s1981 it u000 u ita u 035 $a10825158 040 $aPUL(R)$bita$dPUL(R) 245 00$aA voi cari compagni :$bla militanza sindacale ieri e oggi: la parola ai protagonisti /$cprefazione di Riccardo Lombardi ; introduzione a cura di Sesa Tatò ; postfazione di Alessandro Portelli. 260 $aBari :$bDe Donato,$cc1981. 300 $a153 p. ;$c21 cm 500 $aVolume pubblicato in occasione delle celebrazioni dell'80° anniversario della FIOM. 650 4$aSindacati$zItalia.$0(OLS)http://pul/subject/10590 700 1 $aLombardi, Riccardo.$0(OLS)http://pul/name/33170 700 1 $aPortelli, Alessandro.$0(OLS)http://pul/name/33172 700 1 $aTatò, Sesa.$0(OLS)http://pul/name/33171 850 $aPUL 852 $aPUL$W1$xDP1 Cons. Gen., Altre Classi 1$y22$m46 L 29$j61110$nBK-PRI$b $qStampati$B61110$CPULBib$Z2$F61110 $H $81 941 1 $a8 961 $aINV: 61185 996 $6245$aA voi cari compagni :$bla militanza sindacale ieri e oggi: la parola ai protagonisti$9(OLS)http://pul/title/61324 996 $6260$aBari :$bDe Donato$9(OLS)http://pul/publisher/50890 LEADER 01197nam a2200265 u 4500 001 000000143401 003 CaOOAMICUS 005 20150519124446.0 008 150519s2005 gw u000 u ger u 040 $aPUL$bita 100 1 $aVerheijden, Josina.$0(OLS)http://pul/name/92166 245 10$aRechtsverletzungen auf YouTube und Facebook /$cJosina Verheijden. 260 $aHamburg :$bDr. Kovac Verlag,$c2015. 300 $axx, 380 p.$c21 cm 502 $aInaugural-Dissertation zur Erlangung der Doktorwürde der Juristischen Fakultät der Eberhard-Karls Universität Tübingen, 2015. 504 $aBibliogr.: p. 328-347. 650 4$aInternet ed ordinamento comunitario.$0(OLS)http://pul/subject/29585 650 4$aInternet$xAspetti sociali e legali.$0(OLS)http://pul/subject/37629 650 4$aInternet$xDiritto e legislazione$zGermania.$0(OLS)http://pul/subject/41737 850 $aPUL 852 $aPUL$W1$xDP1 Tesi Varie$y51$m2015 D 1$j165535$qTesi$B165801$CPULBib$Z2$F165801 $82 941 1 $a16 996 $6245$aRechtsverletzungen auf YouTube und Facebook$9(OLS)http://pul/title/181445 996 $6260$aHamburg :$bDr. Kovac Verlag$9(OLS)http://pul/publisher/82573